000
00244nam a22001097a 4500
041
_a
ENG
245
_a
Lecture Document Short term Teaining Programme
260
_a
India
_b
Cftri
_c
2006
300
_a
161
650
_a
GAE (37)
856
_u
GAE (37)
999
_c
3158
_d
3158